Language Quiz

Random Language or Letter Quiz
Score 0/13 Timer 04:00
3 Plays Today
Clue Word % Correct
Symbol for the element the French call azoteN
100%
Currently runningON
91.3%
X, to Caesar or NeroTEN
90.6%
A former prisoner, for shortCON
90.4%
State south of KY and north of ALTN
89.9%
With the bottom of the hourglass, a genre of music associated with Hank WilliamsCOUNTRY
89.6%
A subdivision of nearly all US StatesCOUNTY
86.4%
Posted, as a letterSENT
84.8%
With the top of the hourglass, a genre of music associated with The Dixie ChicksWESTERN
51.9%
Harsh or severeSTERN
47%
To hate or show ill will towardRESENT
38.7%
Not shy nor reluctantUNCOY
16.4%
___ mam: a Vietnamese fish sauceNUOC
14.9%

You're not logged in!

Compare scores with friends on all Sporcle quizzes.
OR
Log In

Sporcle TV

Today on Sporcle TV


Watch our educational content, quiz creation guides, and fun videos on Sporcle TV.

Show Comments

Extras

Top Quizzes Today


Score Distribution

Paid Content

Your Account Isn't Verified!

In order to create a playlist on Sporcle, you need to verify the email address you used during registration. Go to your Sporcle Settings to finish the process.

Report this User

Report this user for behavior that violates our Community Guidelines.

Details: